|
|
|
|
| LEADER |
00000cam a22000004a 4500 |
| 001 |
musev2_84271 |
| 003 |
MdBmJHUP |
| 005 |
20230905052653.0 |
| 006 |
m o d |
| 007 |
cr||||||||nn|n |
| 008 |
170918r20171974azu o 00 0 eng d |
| 010 |
|
|
|z 72092103
|
| 020 |
|
|
|a 9780816545537
|
| 020 |
|
|
|z 9780816535668
|
| 035 |
|
|
|a (OCoLC)1257553886
|
| 040 |
|
|
|a MdBmJHUP
|c MdBmJHUP
|
| 041 |
1 |
|
|a eng
|a cai
|h cai
|
| 100 |
1 |
|
|a Bahr, Donald M.,
|e author,
|e interviewer,
|e editor.
|
| 245 |
1 |
0 |
|a Piman Shamanism and Staying Sickness (Ká:cim Múmkidag) :
|b cim Múmkidag) /
|c Donald M. Bahr, anthropologist ; Juan Gregorio, shaman ; David I. Lopez, interpreter ; Albert Alvarez, editor.
|
| 250 |
|
|
|a Century collection edition 2017.
|
| 264 |
|
1 |
|a Tucson, Arizona :
|b The University of Arizona Press,
|c [2017]
|
| 264 |
|
3 |
|a Baltimore, Md. :
|b Project MUSE,
|c 2021
|
| 264 |
|
4 |
|c ©[2017]
|
| 300 |
|
|
|a 1 online resource (344 pages).
|
| 336 |
|
|
|a text
|b txt
|2 rdacontent
|
| 337 |
|
|
|a computer
|b c
|2 rdamedia
|
| 338 |
|
|
|a online resource
|b cr
|2 rdacarrier
|
| 490 |
0 |
|
|a Century collection
|
| 546 |
|
|
|a Text in English with extracts from the Pima with English translations.
|
| 588 |
|
|
|a Description based on print version record.
|
| 600 |
1 |
0 |
|a Gregorio, Juan.
|
| 600 |
1 |
0 |
|a Bahr, Donald M.
|
| 650 |
|
7 |
|a Tohono O'odham Indians
|x Medicine.
|2 fast
|0 (OCoLC)fst01152117
|
| 650 |
|
7 |
|a Tohono O'odham Indians
|x Health and hygiene.
|2 fast
|0 (OCoLC)fst01152112
|
| 650 |
|
0 |
|a Tohono O'odham Indians
|x Medicine.
|
| 650 |
|
0 |
|a Tohono O'odham Indians
|x Health and hygiene.
|
| 655 |
|
7 |
|a Electronic books.
|2 local
|
| 700 |
1 |
|
|a Alvarez, Albert,
|e editor.
|
| 700 |
1 |
|
|a Lopez, David I.,
|e translator.
|
| 700 |
1 |
|
|a Gregorio, Juan,
|e author,
|e interviewee.
|
| 710 |
2 |
|
|a Project Muse.
|e distributor
|
| 830 |
|
0 |
|a Book collections on Project MUSE.
|
| 856 |
4 |
0 |
|z Texto completo
|u https://projectmuse.uam.elogim.com/book/84271/
|
| 945 |
|
|
|a Project MUSE - Custom Collection
|